[Event "San Francisco Addison Memorial 19th"]
[Site "San Francisco"]
[Date "2019.06.23"]
[Round "5"]
[White "McCambridge, Vincent"]
[Black "Ai, Evan Zihao"]
[Result "1/2-1/2"]
[WhiteElo "2319"]
[BlackElo "1874"]
[PlyCount "73"]
[EventDate "2019.06.21"]
[EventType "swiss"]
[EventRounds "5"]
[EventCountry "USA"]
[SourceTitle "CBM 191 Extra"]
[Source "ChessBase"]
[SourceDate "2019.09.30"]
[SourceVersion "1"]
[SourceVersionDate "2019.09.30"]
[SourceQuality "1"]

1. d4 Nf6 2. Nf3 d5 3. c4 dxc4 4. e3 e6 5. Bxc4 c5 6. 0-0 Nc6 7. Qe2 Qc7 8. Nc3 a6 9. a3 b5 10. Ba2 Bb7 11. Rd1 Be7 12. d5 exd5 13. Nxd5 Nxd5 14. Bxd5 0-0 15. e4 Bf6 16. Be3 c4 17. Bc5 Rfe8 18. Bd6 Qb6 19. e5 Rad8 20. Qe4 Nxe5 21. Bxe5 Bxe5 22. Nxe5 Rxd5 23. Rxd5 Qe6 24. Rad1 f6 25. f4 fxe5 26. fxe5 Bxd5 27. Rxd5 Qb6+ 28. Kh1 Qf2 29. h3 Qxb2 30. e6 c3 31. Qf5 h6 32. Qf7+ Kh7 33. Qxe8 Qc1+ 34. Kh2 Qf4+ 35. Kh1 Qf1+ 36. Kh2 Qf4+ 37. Kh1 1/2-1/2

[Event "Berkeley Summer IM"]
[Site "Berkeley"]
[Date "2018.08.12"]
[Round "2"]
[White "McCambridge, Vincent"]
[Black "Rohan, Ahuja"]
[Result "0-1"]
[WhiteElo "2360"]
[BlackElo "2387"]
[PlyCount "58"]
[EventDate "2018.08.11"]
[EventType "tourn"]
[EventRounds "9"]
[EventCountry "USA"]
[EventCategory "2"]
[SourceTitle "CBM 186 Extra"]
[Source "ChessBase"]
[SourceDate "2018.08.24"]
[SourceVersion "1"]
[SourceVersionDate "2018.08.24"]
[SourceQuality "1"]

1. Nf3 Nf6 2. c4 g6 3. Nc3 d5 4. d4 Bg7 5. cxd5 Nxd5 6. e4 Nxc3 7. bxc3 c5 8. Rb1 0-0 9. Be2 Nc6 10. d5 Ne5 11. Nxe5 Bxe5 12. Qd2 e6 13. f4 Bc7 14. 0-0 exd5 15. exd5 Ba5 16. Bb2 Bf5 17. Rbd1 Qd6 18. Rf2 c4 19. g4 Be4 20. Bxc4 Bb6 21. Bb3 Bf3 22. Rdf1 Rae8 23. c4 Re2 24. Qc3 Rxb2 25. Qxf3 Rxf2 26. Rxf2 Re8 27. Kg2 Bxf2 28. Kxf2 Qc5+ 29. Kg2 Qd4 0-1

[Event "Las Vegas National op"]
[Site "Las Vegas"]
[Date "2018.06.22"]
[Round "2"]
[White "McCambridge, Vincent"]
[Black "Shimanov, Aleksandr"]
[Result "0-1"]
[WhiteElo "2400"]
[BlackElo "2629"]
[PlyCount "46"]
[EventDate "2018.06.21"]
[EventType "swiss"]
[EventRounds "7"]
[EventCountry "USA"]
[SourceTitle "CBM 185 Extra"]
[Source "ChessBase"]
[SourceDate "2018.07.29"]
[SourceVersion "1"]
[SourceVersionDate "2018.07.29"]
[SourceQuality "1"]

1. d4 Nf6 2. Nf3 e6 3. c4 d5 4. Nc3 dxc4 5. Bg5 a6 6. e4 b5 7. a4 b4 8. Na2 Bb7 9. e5 h6 10. Bh4 g5 11. Nxg5 hxg5 12. Bxg5 Qd5 13. Bxf6 Rg8 14. h4 Nc6 15. Rh3 Nxd4 16. Rc1 Bh6 17. Bg5 Bxg5 18. hxg5 0-0-0 19. Re3 Qa5 20. f4 Nf3+ 21. gxf3 Rxd1+ 22. Rxd1 Qxa4 23. Bxc4 b3 0-1

[Event "USA tt"]
[Site "ICC INT"]
[Date "2005.09.14"]
[Round "3"]
[White "Stripunsky, Alexander"]
[Black "McCambridge, Vincent"]
[Result "1-0"]
[WhiteElo "2565"]
[BlackElo "2459"]
[PlyCount "65"]
[EventDate "2005.10.05"]
[EventType "team"]
[EventRounds "10"]
[EventCountry "USA"]
[SourceTitle "CBM 108 Extra"]
[Source "ChessBase"]
[SourceDate "2005.11.04"]
[SourceVersion "1"]
[SourceVersionDate "2005.11.04"]
[SourceQuality "1"]

1. e4 c5 2. Nc3 Nc6 3. Bb5 Nd4 4. Bc4 e6 5. Nge2 a6 6. Nxd4 cxd4 7. Ne2 Bc5 8. Ng3 b5 9. Bb3 Ne7 10. 0-0 d5 11. d3 0-0 12. Bg5 f6 13. Bd2 Kh8 14. Qe2 Ra7 15. a4 b4 16. Rae1 a5 17. Nh5 dxe4 18. Qxe4 e5 19. Kh1 Qe8 20. Qe2 Qg6 21. Ng3 Nf5 22. Ne4 Be7 23. f4 Bb7 24. Rf3 Raa8 25. Ref1 Nd6 26. Rg3 Qe8 27. f5 Nxe4 28. dxe4 Ba6 29. Qg4 Rf7 30. Rh3 g5 31. fxg6 Rg7 32. Rxh7+ Rxh7 33. gxh7 1-0

[Event "Koltanowski Memorial op"]
[Site "San Francisco"]
[Date "2000.12.15"]
[Round "2"]
[White "Bhat, Vinay S"]
[Black "McCambridge, Vincent"]
[Result "1/2-1/2"]
[WhiteElo "2396"]
[BlackElo "2459"]
[PlyCount "56"]
[EventDate "2000.12.14"]
[EventType "swiss"]
[EventRounds "9"]
[EventCountry "USA"]
[SourceTitle "CBM 079 Extra"]
[Source "ChessBase"]
[SourceDate "2001.01.11"]
[SourceVersion "2"]
[SourceVersionDate "2001.01.25"]
[SourceQuality "1"]

1. e4 e5 2. Nf3 Nc6 3. Bb5 Bc5 4. 0-0 d6 5. c3 Bd7 6. d4 Bb6 7. dxe5 Nxe5 8. Nxe5 dxe5 9. Qd5 Bxb5 10. Qxb5+ Qd7 11. Qxe5+ Ne7 12. Na3 0-0 13. Nc4 Rfe8 14. Nxb6 cxb6 15. Be3 Ng6 16. Qd5 Qe7 17. f3 Rad8 18. Qb5 Ne5 19. Rad1 h6 20. Qa4 Rxd1 21. Rxd1 f5 22. Rd5 fxe4 23. Qxe4 Nc4 24. Qxe7 Rxe7 25. Bd4 Nxb2 26. Rd8+ Kf7 27. Ra8 a6 28. Bxb6 Nd1 1/2-1/2

[Event "San Francisco Masters op"]
[Site "San Francisco"]
[Date "2000.04.01"]
[Round "2"]
[White "Ilfeld, Etan"]
[Black "McCambridge, Vincent"]
[Result "0-1"]
[WhiteElo "2174"]
[BlackElo "2464"]
[PlyCount "64"]
[EventDate "2000.03.31"]
[EventType "swiss"]
[EventRounds "7"]
[EventCountry "USA"]
[SourceTitle "EXT 2001"]
[Source "ChessBase"]
[SourceDate "2000.11.22"]
[SourceVersion "1"]
[SourceVersionDate "2000.11.22"]
[SourceQuality "1"]

1. e4 e6 2. d4 d5 3. e5 c5 4. c3 Nc6 5. Nf3 Bd7 6. dxc5 Bxc5 7. Bd3 f6 8. b4 Bb6 9. b5 Na5 10. 0-0 Rc8 11. a4 f5 12. Bxf5 exf5 13. e6 Nf6 14. exd7+ Qxd7 15. Ba3 Nc4 16. Bb4 Kf7 17. Nbd2 Rhe8 18. Nb3 Kg8 19. a5 Bc7 20. Nc5 Qf7 21. Nd3 Bb8 22. g3 Ne4 23. Ra2 Re6 24. Re2 Rh6 25. h4 f4 26. Ng5 Qf5 27. Rfe1 fxg3 28. Nxe4 dxe4 29. Rxe4 gxf2+ 30. Nxf2 Rg6+ 31. Kf1 Qxb5 32. Qe2 Nd2# 0-1

[Event "National op"]
[Site "Las Vegas"]
[Date "1997.??.??"]
[Round "4"]
[White "McCambridge, Vincent"]
[Black "Paragua, Mark"]
[Result "1-0"]
[WhiteElo "2495"]
[BlackElo "2200"]
[PlyCount "71"]
[EventDate "1997.08.03"]
[EventType "swiss"]
[EventRounds "6"]
[EventCountry "USA"]
[SourceTitle "CBM 058 Extra"]
[Source "ChessBase"]
[SourceDate "1997.07.29"]
[SourceVersion "1"]
[SourceVersionDate "1997.07.29"]
[SourceQuality "1"]

1. c4 g6 2. b4 Bg7 3. Nc3 e5 4. Bb2 Ne7 5. g3 0-0 6. Bg2 c6 7. Qb3 d6 8. Nf3 h6 9. 0-0 Be6 10. d3 Nd7 11. Nd2 f5 12. b5 Nf6 13. Rab1 Qd7 14. bxc6 bxc6 15. Ba3 Rac8 16. Qb4 Rfd8 17. f4 Ng4 18. Nd1 exf4 19. gxf4 g5 20. fxg5 hxg5 21. Nf3 Bf6 22. Qd2 f4 23. Bb2 Ne5 24. Nf2 Nxf3+ 25. Bxf3 Bxb2 26. Qxb2 g4 27. Ne4 Rf8 28. Bg2 Qd8 29. Nf6+ Kf7 30. Nh7 Kg6 31. Nxf8+ Qxf8 32. Qd4 Kg5 33. Qxd6 Qf6 34. Rxf4 Nf5 35. Rbf1 Qh6 36. Rxf5+ 1-0

[Event "National op"]
[Site "Las Vegas"]
[Date "1997.??.??"]
[Round "2"]
[White "McCambridge, Vincent"]
[Black "Salomon, J."]
[Result "1-0"]
[WhiteElo "2495"]
[BlackElo "2180"]
[PlyCount "53"]
[EventDate "1997.08.03"]
[EventType "swiss"]
[EventRounds "6"]
[EventCountry "USA"]
[SourceTitle "CBM 058 Extra"]
[Source "ChessBase"]
[SourceDate "1997.07.29"]
[SourceVersion "1"]
[SourceVersionDate "1997.07.29"]
[SourceQuality "1"]

1. c4 f5 2. b4 e6 3. Bb2 Nf6 4. a3 b6 5. g3 Bb7 6. Nf3 c5 7. Qa4 Be7 8. Bg2 0-0 9. 0-0 Na6 10. b5 Nc7 11. Qb3 d5 12. d3 Qe8 13. Nbd2 Qh5 14. a4 Rad8 15. a5 dxc4 16. Nxc4 Ng4 17. h3 Bxf3 18. exf3 Nf6 19. axb6 axb6 20. Ra7 Nfd5 21. Be5 Ra8 22. Rxc7 Nxc7 23. Bxc7 Rf6 24. Nxb6 c4 25. Qxc4 Ra3 26. Nd7 Rg6 27. b6 1-0

[Event "Northern California-ch"]
[Site "California"]
[Date "1993.??.??"]
[Round "?"]
[White "Cusi, Ronald"]
[Black "McCambridge, Vincent"]
[Result "1/2-1/2"]
[WhiteElo "2340"]
[BlackElo "2475"]
[PlyCount "39"]
[EventDate "1993.03.??"]
[EventType "swiss"]
[EventRounds "9"]
[EventCountry "USA"]
[SourceTitle "EXT 2000"]
[Source "ChessBase"]
[SourceDate "1999.11.16"]
[SourceVersion "1"]
[SourceVersionDate "1999.11.16"]
[SourceQuality "1"]

1. d4 e6 2. Nf3 Nf6 3. c4 b6 4. g3 Ba6 5. Qa4 c6 6. Nc3 Be7 7. Bg2 0-0 8. 0-0 d5 9. Ne5 b5 10. cxb5 cxb5 11. Qd1 b4 12. Nb1 Qb6 13. Be3 Rc8 14. Nd2 Nc6 15. Nb3 Bb5 16. Qd2 a5 17. Rac1 a4 18. Nxc6 Rxc6 19. Rxc6 Bxc6 20. Nc5 1/2-1/2

[Event "Las Vegas National op"]
[Site "Las Vegas"]
[Date "1993.??.??"]
[Round "4"]
[White "McCambridge, Vincent"]
[Black "Kaidanov, Gregory S"]
[Result "0-1"]
[WhiteElo "2475"]
[BlackElo "2620"]
[PlyCount "74"]
[EventDate "1993.06.??"]
[EventType "swiss"]
[EventRounds "6"]
[EventCountry "USA"]
[SourceTitle "EXT 1997"]
[Source "ChessBase"]
[SourceDate "1996.11.15"]
[SourceVersion "1"]
[SourceVersionDate "1996.11.15"]
[SourceQuality "1"]

1. d4 d5 2. c4 e6 3. Nf3 Nf6 4. Nc3 c6 5. Bg5 dxc4 6. a4 Bb4 7. e4 Bxc3+ 8. bxc3 Qa5 9. e5 Ne4 10. Bd2 c5 11. Bxc4 Nc6 12. d5 Nxd2 13. Qxd2 exd5 14. Bxd5 0-0 15. 0-0 Bf5 16. Qf4 Bg6 17. c4 Qc7 18. Rad1 Rae8 19. Rfe1 Re7 20. h4 Rfe8 21. Rd2 b6 22. g4 h5 23. Rde2 Bd3 24. Re3 hxg4 25. Qxg4 Bc2 26. h5 Kh8 27. e6 fxe6 28. Rxe6 Nd8 29. Rxe7 Rxe7 30. Rxe7 Qxe7 31. Nh4 Kh7 32. Kg2 Kh6 33. f4 Qf6 34. Kg3 Nf7 35. Be6 Nd6 36. Nf3 Nf5+ 37. Bxf5 Bxf5 0-1

[Event "Northern California-ch"]
[Site "California"]
[Date "1993.??.??"]
[Round "?"]
[White "Strugatsky, Vladimir"]
[Black "McCambridge, Vincent"]
[Result "1-0"]
[WhiteElo "2365"]
[BlackElo "2475"]
[PlyCount "93"]
[EventDate "1993.03.??"]
[EventType "swiss"]
[EventRounds "9"]
[EventCountry "USA"]
[SourceTitle "EXT 2000"]
[Source "ChessBase"]
[SourceDate "1999.11.16"]
[SourceVersion "1"]
[SourceVersionDate "1999.11.16"]
[SourceQuality "1"]

1. d4 Nf6 2. Nf3 e6 3. c4 Bb4+ 4. Bd2 a5 5. g3 d6 6. Bg2 Nbd7 7. 0-0 e5 8. Nc3 0-0 9. Qc2 Re8 10. d5 Nf8 11. Ne1 h6 12. e4 c5 13. Nb5 Bxd2 14. Qxd2 b6 15. Nd3 Ba6 16. b3 Qd7 17. Nc3 Ng6 18. Rae1 Nh7 19. f4 exf4 20. gxf4 Nh4 21. Qf2 Qg4 22. Qg3 Qxg3 23. hxg3 Nxg2 24. Kxg2 Rad8 25. e5 dxe5 26. fxe5 Ng5 27. Nf4 Rb8 28. a4 Re7 29. d6 Rd7 30. Ncd5 Bb7 31. Re3 Ne6 32. Kh2 Bxd5 33. Nxd5 Rbb7 34. g4 Rb8 35. Kg3 Rdb7 36. Ref3 Re8 37. Nc7 Rxc7 38. dxc7 Nxc7 39. Rxf7 Ne6 40. Rb7 Ng5 41. Rxb6 Rxe5 42. Rf5 Re3+ 43. Kf2 Re4 44. Rxc5 Rxg4 45. Rxa5 h5 46. Rxg5 Rxg5 47. Rb5 1-0

[Event "US Open-91"]
[Site "Jacksonville"]
[Date "1990.??.??"]
[Round "?"]
[White "Christiansen, Larry Mark"]
[Black "McCambridge, Vincent"]
[Result "0-1"]
[WhiteElo "2560"]
[BlackElo "2480"]
[PlyCount "80"]
[EventDate "1990.08.05"]
[EventType "swiss"]
[EventRounds "12"]
[EventCountry "USA"]
[SourceTitle "EXT 1997"]
[Source "ChessBase"]
[SourceDate "1996.11.15"]
[SourceVersion "1"]
[SourceVersionDate "1996.11.15"]
[SourceQuality "1"]

1. c4 c5 2. Nf3 Nf6 3. Nc3 Nc6 4. d4 cxd4 5. Nxd4 e6 6. g3 Bc5 7. Nb3 Bb4 8. Bg2 0-0 9. 0-0 b6 10. Bf4 Bb7 11. Rc1 Be7 12. e4 d6 13. Qe2 Ne5 14. Rfd1 Qb8 15. h3 Rc8 16. Nd2 a6 17. Be3 Bc6 18. f4 Ned7 19. Bf2 Ra7 20. g4 Nf8 21. g5 N6d7 22. Nf3 Rac7 23. h4 Ba8 24. b3 b5 25. Rb1 bxc4 26. b4 Rb7 27. a3 Qc7 28. h5 Rbb8 29. Nd4 Re8 30. Qg4 e5 31. Nf5 exf4 32. Bd4 Ne5 33. Qxf4 Ne6 34. Qg3 Bxg5 35. Nxd6 Nxd4 36. Rxd4 Bf6 37. Nxe8 Nf3+ 38. Qxf3 Bxd4+ 39. Kh1 Rxe8 40. h6 Re6 0-1

[Event "USA Masters"]
[Site "Chicago"]
[Date "1990.??.??"]
[Round "7"]
[White "Hergott, Deen"]
[Black "McCambridge, Vincent"]
[Result "1/2-1/2"]
[WhiteElo "2380"]
[BlackElo "2480"]
[PlyCount "101"]
[EventDate "1990.??.??"]
[EventType "swiss"]
[EventRounds "7"]
[EventCountry "USA"]
[SourceTitle "EXT 1997"]
[Source "ChessBase"]
[SourceDate "1996.11.15"]
[SourceVersion "1"]
[SourceVersionDate "1996.11.15"]
[SourceQuality "1"]

1. Nf3 c5 2. g3 Nc6 3. Bg2 e5 4. 0-0 d5 5. c4 Nf6 6. cxd5 Nxd5 7. Nc3 Nc7 8. d3 Be7 9. Nd2 Bd7 10. Nc4 0-0 11. Bxc6 Bxc6 12. Nxe5 Be8 13. e4 Kh8 14. f4 Qd4+ 15. Kg2 Rd8 16. Qe2 f6 17. Be3 Qd6 18. Nc4 Qxd3 19. Qxd3 Rxd3 20. Rad1 Rxd1 21. Rxd1 b6 22. Nd6 Bh5 23. Rd2 Rd8 24. Ndb5 Rxd2+ 25. Bxd2 Nxb5 26. Nxb5 a6 27. Nc7 Bd6 28. Nd5 b5 29. Ba5 Bf7 30. Bc7 Bf8 31. f5 Kg8 32. Kf3 c4 33. a3 Bc5 34. Bb6 Bxb6 35. Nxb6 Kf8 36. Nd7+ Ke7 37. Nc5 a5 38. Ke3 Kd6 39. Kd4 Kc6 40. Ne6 Kd6 41. Nxg7 b4 42. axb4 axb4 43. Ne6 c3 44. bxc3 b3 45. Kd3 Bh5 46. c4 Be2+ 47. Kc3 Bxc4 48. Nd4 b2 49. Kxb2 Bd3 50. Kc3 Bxe4 51. Kd2 1/2-1/2

[Event "Northern California Masters"]
[Site "Berkeley"]
[Date "1990.??.??"]
[Round "4"]
[White "Pupols, Viktors"]
[Black "McCambridge, Vincent"]
[Result "0-1"]
[WhiteElo "2210"]
[BlackElo "2480"]
[PlyCount "56"]
[EventDate "1990.??.??"]
[EventType "swiss"]
[EventRounds "5"]
[EventCountry "USA"]
[SourceTitle "EXT 2000"]
[Source "ChessBase"]
[SourceDate "1999.11.16"]
[SourceVersion "1"]
[SourceVersionDate "1999.11.16"]
[SourceQuality "1"]

1. e4 c5 2. d3 Nc6 3. Be3 e6 4. f4 d5 5. Be2 Nf6 6. e5 d4 7. exf6 dxe3 8. fxg7 Bxg7 9. c3 Qc7 10. g3 e5 11. fxe5 Nxe5 12. Nf3 Bh3 13. Qa4+ Bd7 14. Qf4 0-0-0 15. 0-0 Bh3 16. Rd1 Nxf3+ 17. Qxf3 Rhg8 18. g4 Bxg4 19. Qxg4+ Kb8 20. Kh1 Bxc3 21. Nxc3 Rxg4 22. Bxg4 Qc6+ 23. Ne4 Rxd3 24. Bf3 c4 25. Kg2 e2 26. Re1 Re3 27. Nd2 Qg6+ 28. Kh1 Qd3 0-1

[Event "American op"]
[Site "Los Angeles"]
[Date "1987.??.??"]
[Round "5"]
[White "Rohde, Michael A"]
[Black "McCambridge, Vincent"]
[Result "1-0"]
[WhiteElo "2550"]
[BlackElo "2445"]
[PlyCount "53"]
[EventDate "1987.11.26"]
[EventType "swiss"]
[EventRounds "8"]
[EventCountry "USA"]
[SourceTitle "EXT 1997"]
[Source "ChessBase"]
[SourceDate "1996.11.15"]
[SourceVersion "1"]
[SourceVersionDate "1996.11.15"]
[SourceQuality "1"]

1. e4 e6 2. d4 d5 3. Nd2 Nf6 4. e5 Nfd7 5. Bd3 c5 6. c3 Nc6 7. Ngf3 cxd4 8. cxd4 Nb6 9. 0-0 Bd7 10. Nb3 Be7 11. a3 Rc8 12. Qd2 Nc4 13. Qf4 Qb6 14. Bc2 Nd8 15. Nc5 Bxc5 16. dxc5 Qxc5 17. Qg3 Qf8 18. Bd3 Nc6 19. b3 Nb6 20. Be3 f5 21. exf6 Qxf6 22. Ng5 g6 23. Rae1 Ne7 24. Bf4 Nf5 25. Qh3 Rc3 26. Nxe6 Bxe6 27. Be5 1-0

[Event "Midwest Masters op"]
[Site "Chicago"]
[Date "1986.??.??"]
[Round "4"]
[White "McCambridge, Vincent"]
[Black "Ardaman, Miles"]
[Result "1-0"]
[WhiteElo "2465"]
[BlackElo "2255"]
[PlyCount "71"]
[EventDate "1986.??.??"]
[EventType "swiss"]
[EventRounds "6"]
[EventCountry "USA"]
[SourceTitle "EXT 2000"]
[Source "ChessBase"]
[SourceDate "1999.11.16"]
[SourceVersion "1"]
[SourceVersionDate "1999.11.16"]
[SourceQuality "1"]

1. d4 Nf6 2. c4 c5 3. e3 e6 4. Nf3 d5 5. cxd5 exd5 6. Be2 Nc6 7. 0-0 cxd4 8. exd4 Ne4 9. Ne5 Qb6 10. Nc3 Be6 11. Nxe4 dxe4 12. Be3 Bd5 13. Bc4 Bxc4 14. Nxc4 Qb5 15. Rc1 Rd8 16. Qg4 f5 17. Qg3 g6 18. h4 Be7 19. Rfd1 Qd5 20. Qc7 Rd7 21. Qc8+ Bd8 22. Ne5 Rc7 23. Qa8 0-0 24. Nxc6 Bxh4 25. Qxa7 f4 26. Qa5 Qd6 27. Ne5 Re7 28. Nc4 Qe6 29. d5 Qg4 30. Bc5 f3 31. Ne3 Bxf2+ 32. Kxf2 Qh4+ 33. Kg1 Re5 34. Bxf8 Rh5 35. Bd6 Qf6 36. Qa8+ 1-0

[Event "Philadelphia op"]
[Site "Philadelphia"]
[Date "1986.??.??"]
[Round "?"]
[White "McCambridge, Vincent"]
[Black "Colias, Billy"]
[Result "1/2-1/2"]
[WhiteElo "2450"]
[BlackElo "2225"]
[PlyCount "42"]
[EventDate "1986.07.??"]
[EventType "swiss"]
[EventRounds "9"]
[EventCountry "USA"]
[SourceTitle "EXT 1998"]
[Source "ChessBase"]
[SourceDate "1997.11.17"]
[SourceVersion "1"]
[SourceVersionDate "1997.11.17"]
[SourceQuality "1"]

1. d4 d5 2. Nf3 Nf6 3. Bg5 e6 4. e3 Nbd7 5. Nbd2 Be7 6. Bd3 b6 7. Ne5 Nxe5 8. dxe5 Nd7 9. Bf4 Nc5 10. h4 Nxd3+ 11. cxd3 Qd7 12. Qg4 Ba6 13. Qxg7 0-0-0 14. Qxf7 Rdf8 15. Qh5 Bxd3 16. Qd1 d4 17. Qb3 Ba6 18. Rc1 Bb7 19. f3 Rhg8 20. Kf2 Bc5 21. Nf1 Ba6 1/2-1/2

[Event "Midwest Masters op"]
[Site "Chicago"]
[Date "1986.??.??"]
[Round "2"]
[White "McCambridge, Vincent"]
[Black "Miller, Todd Q"]
[Result "0-1"]
[WhiteElo "2450"]
[BlackElo "2260"]
[PlyCount "72"]
[EventDate "1986.??.??"]
[EventType "swiss"]
[EventRounds "6"]
[EventCountry "USA"]
[SourceTitle "EXT 2000"]
[Source "ChessBase"]
[SourceDate "1999.11.16"]
[SourceVersion "1"]
[SourceVersionDate "1999.11.16"]
[SourceQuality "1"]

1. d4 g6 2. Nf3 Bg7 3. c4 d6 4. Nc3 Nd7 5. Bg5 h6 6. Bh4 c5 7. e3 Ngf6 8. Be2 0-0 9. 0-0 g5 10. Bg3 Nh5 11. Qc2 Nxg3 12. hxg3 e6 13. Rad1 Qe7 14. Rfe1 a6 15. a3 Rb8 16. b4 b6 17. d5 Ne5 18. Nh2 cxb4 19. axb4 a5 20. Qb3 Ba6 21. dxe6 fxe6 22. Ne4 b5 23. c5 d5 24. Nd6 a4 25. Qc2 Nf7 26. Nxf7 Qxf7 27. Bf3 Bb7 28. e4 Bc6 29. Bg4 dxe4 30. Rd6 Bd5 31. c6 a3 32. Rd7 Qf6 33. c7 Rbc8 34. Qc5 Qc3 35. Rxg7+ Qxg7 36. Rc1 a2 0-1

[Event "New York op"]
[Site "New York"]
[Date "1986.??.??"]
[Round "?"]
[White "Polgar, Zsuzsa"]
[Black "McCambridge, Vincent"]
[Result "1-0"]
[WhiteElo "2400"]
[BlackElo "2450"]
[PlyCount "97"]
[EventDate "1986.03.??"]
[EventType "swiss"]
[EventRounds "9"]
[EventCountry "USA"]
[SourceTitle "EXT 1997"]
[Source "ChessBase"]
[SourceDate "1996.11.15"]
[SourceVersion "1"]
[SourceVersionDate "1996.11.15"]
[SourceQuality "1"]

1. d4 Nf6 2. c4 e6 3. Nf3 b6 4. g3 Bb4+ 5. Bd2 a5 6. Bg2 Bb7 7. 0-0 0-0 8. Bf4 Ne4 9. Nfd2 d5 10. Qc2 Nc6 11. cxd5 exd5 12. Be3 f5 13. a3 Bd6 14. Nc3 Ne7 15. f3 Nxc3 16. bxc3 f4 17. Bxf4 Bxf4 18. gxf4 Rxf4 19. e3 Rf6 20. Rf2 Qd6 21. Nf1 Ng6 22. Ng3 Nh4 23. e4 Rf4 24. e5 Qh6 25. Re1 Bc8 26. Qd2 Nxg2 27. Rxg2 Bh3 28. Nh5 Bxg2 29. Qxf4 Qxf4 30. Nxf4 Bxf3 31. Kf2 Be4 32. c4 c6 33. Ke3 Rf8 34. h4 Rd8 35. Rc1 b5 36. cxb5 cxb5 37. Rc5 Rb8 38. Nxd5 Bxd5 39. Rxd5 b4 40. axb4 axb4 41. Kd2 b3 42. Kc1 b2+ 43. Kb1 Rb7 44. Rc5 Kf7 45. d5 Ke8 46. Rc8+ Kd7 47. Rg8 Rb5 48. Rxg7+ Ke8 49. d6 1-0

[Event "New York op"]
[Site "New York"]
[Date "1986.??.??"]
[Round "?"]
[White "Saidy, Anthony Fred"]
[Black "McCambridge, Vincent"]
[Result "1-0"]
[WhiteElo "2420"]
[BlackElo "2465"]
[PlyCount "41"]
[EventDate "1986.03.??"]
[EventType "swiss"]
[EventRounds "9"]
[EventCountry "USA"]
[SourceTitle "EXT 1997"]
[Source "ChessBase"]
[SourceDate "1996.11.15"]
[SourceVersion "1"]
[SourceVersionDate "1996.11.15"]
[SourceQuality "1"]

1. c4 e5 2. Nc3 Bb4 3. g3 Bxc3 4. bxc3 Nc6 5. Bg2 d6 6. d3 f5 7. f4 Nf6 8. Bxc6+ bxc6 9. fxe5 dxe5 10. Nf3 Qe7 11. Qa4 Bd7 12. Ba3 c5 13. Qa5 e4 14. Bxc5 Qe6 15. Nd4 Qe5 16. 0-0 exd3 17. Nf3 Qe4 18. exd3 Qxd3 19. Rad1 Qxc4 20. Rfe1+ Ne4 21. Rxd7 1-0